000 00700nam a2200229 a 4500
001 12776
003 BD-JhCC
005 20250311123211.0
008 230511s2023 bg |||| |||| 000 0 ben d
020 _a9847034308402
035 _a(BD-JhCC)12776
040 _aBD-JhCC
_dBD-JhCC
041 _aeng
082 _a923.1
_bSHA 2021
100 _aশেলী,শ্রাবনী
245 _aবঙ্গবন্ধু ও মুক্তিযুদ্ধ /
_cশ্রাবনী শেলী।
260 _aঢাকা :
_bবিভাস,
_c২০২১.
300 _a80 পৃ. :
_c২১ সেমি.
600 _aRahman, Shekh Mujibur
650 _aBiography
942 _2ddc
_cBK
999 _c12776
_d12776